El trovador / (Record no. 172298)
[ view plain ]
| 000 -LEADER | |
|---|---|
| campo de control de longitud fija | 00878nam a2200241 i 4500 |
| 001 - NÚMERO DE CONTROL | |
| campo de control | 172298 |
| 003 - IDENTIFICADOR DE NÚMERO DE CONTROL | |
| campo de control | ES-MaACL |
| 005 - FECHA Y HORA DE LA ÚLTIMA TRANSACCIÓN | |
| campo de control | 20250831121734.0 |
| 008 - DATOS DE LONGITUD FIJA--INFORMACIÓN GENERAL | |
| campo de control de longitud fija | 090624s1971 sp |||| | spa d |
| 017 ## - NÚMERO DE COPYRIGHT O DE DEPÓSITO LEGAL | |
| Número de copyright o de depósito legal | Z 557-1971 |
| 080 ## - NÚMERO DE LA CLASIFICACIÓN DECIMAL UNIVERSAL | |
| Número de la Clasificación Decimal Universal | 821.134.2-12"18" |
| 100 1# - ENTRADA PRINCIPAL--NOMBRE DE PERSONA | |
| Nombre de persona | García Gutiérrez, Antonio, |
| Fechas asociadas al nombre | 1813-1884 |
| 9 (RLIN) | 54743 |
| 245 13 - MENCIÓN DEL TÍTULO | |
| Título | El trovador / |
| Mención de responsabilidad, etc. | A. García Gutiérrez ; edición, prólogo y notas por Alfredo Rodríguez. |
| 250 ## - MENCION DE EDICION | |
| Mención de edición | 1ª ed., ilustrada. |
| 260 ## - PUBLICACIÓN, DISTRIBUCIÓN, ETC. | |
| Lugar de publicación, distribución, etc. | Zaragoza : |
| Nombre del editor, distribuidor, etc. | Ebro, |
| Fecha de publicación, distribución, etc. | 1971. |
| 300 ## - DESCRIPCIÓN FÍSICA | |
| Extensión | 109 p. : |
| Otras características físicas | il. ; |
| Dimensiones | 18 cm. |
| 490 1# - MENCIÓN DE SERIE | |
| Mención de serie | Biblioteca Clásica Ebro ; |
| Designación de volumen o secuencia | 120. |
| Mención de serie | Teatro |
| 500 ## - NOTA GENERAL | |
| Nota general | Índice. |
| 700 1# - ENTRADA AGREGADA--NOMBRE PERSONAL | |
| Nombre de persona | Rodríguez López-Vázquez, Alfredo, |
| Fechas asociadas al nombre | 1932- |
| 9 (RLIN) | 98618 |
| 830 00 - PUNTO DE ACCESO ADICIONAL DE SERIE-TÍTULO UNIFORME | |
| Título uniforme | Biblioteca clásica Ebro |
| Nombre de parte o sección de la obra | Teatro |
| Designación de volumen o secuencia | 120. |
| 9 (RLIN) | 191752 |
| 852 4# - LOCALIZACIÓN | |
| Ubicación | ES-MaACL |
| Número de control de estantería | E-12728 |
| itemnumber | R.140292 |
| Nota libre | . - Biblioteca Jacinto Martínez Lacalle |
| Estatus retirado | Estado de pérdida | Estado de daño | No para préstamo | Biblioteca de origen | Biblioteca actual | Ubicación en estantería | Fecha de adquisición | Fuente de adquisición | Total de préstamos | Signatura topográfica completa | Código de barras | Visto por última vez | Precio de reemplazo | Tipo de ítem Koha |
|---|---|---|---|---|---|---|---|---|---|---|---|---|---|---|
| Biblioteca del Ateneo de Madrid | Biblioteca del Ateneo de Madrid | Depósito 2 | 24/06/2009 | E-12728 | 1180814 | 23/02/2023 | 23/02/2023 | Libro impreso |
